000 00672cab a2200181 4500
001 L135854
008 061213n2006 000 0 eng u
035 _a(Sirsi) u135854
041 0 _aeng
100 1 _aHealey, Patsy
245 0 0 _aPlace development in a relational world
260 _c2006
490 0 _aTown & Country Planning
_v75(11) November 2006, 318-321 (4)
520 _aLooks at strategy-making for cities and regions arguing that there needs to be more of a focus on place, bringing into the foreground the flows and complex intersections of daily life experience.
651 4 _aUnited Kingdom
_y
690 _aPlanning and development
_96259
942 _n0
999 _c78044
_d78044